Click the Country (Most Common Surnames) - Statistics

General Stats
  • This quiz has been taken 87 times
  • The average score is 18 of 24
Answer Stats
Hint Answer % Correct
Smith United Kingdom
99%
Murphy Ireland
96%
García Spain
96%
Müller Germany
92%
Papadopoulos Greece
91%
Rossi Italy
91%
Kim South Korea
88%
Nguyen Vietnam
88%
Smirnov Russia
86%
Silva Brazil
78%
Satō Japan
77%
Yılmaz Turkey
76%
Chen Taiwan
74%
Gruber Austria
73%
de Jong Netherlands
73%
Wang China
72%
Nagy Hungary
65%
Martin France
60%
Hansen Norway
59%
Nowak Poland
59%
Jensen Denmark
55%
Korhonen Finland
51%
Popa Romania
47%
Peeters Belgium
27%
No matching quizzes found
Score Distribution
Percent of People with Each Score
Percentile by Number Answered
Your Score History
You have not taken this quiz